00831nam a2200253 a 450000100060000000300080000600500170001400800410003102000170007203500190008904000320010804100080014008200240014824501110017226000480028330000330033150400510036452000260041565000250044165000340046665000280050070000210052870000280054912461BD-RjUL20211208235310.0140129s1993 ii a b 001 0 eng  a812040808X : a(BD-RjUL)12510 aDLCcDLCdDLCdBD-RjULbeng aeng04220a660.6bPLA 199300aPlant biotechnology :b commercial prospects and problems /cedited by Jitendra Prakash and R.L.M. Pierik. aNew Delhi :bOxford & IBH Pub. Co.,cc1993. aix, 289 p. :bill. ;c25 cm. aIncludes bibliographical references and index. aContributed articles. 0aPlant biotechnology. 0aPlant biotechnology industry. 0aPlant micropropagation.1 aPierik, R. L. M.1 aPrakash, J.q(Jitendra)